Statistics for Most visited cities by italian turists

Click here to take the quiz!

General Stats

  • This quiz has been taken 395 times
  • The average score is 12 of 19

Answer Stats

HintAnswer% Correct
2Paris
99%
1London
98%
10Madrid
94%
3New York
91%
5Barcelona
90%
4Berlin
86%
9Vienna
74%
18Los Angeles
69%
8Munich
61%
14Istanbul
59%
12Prague
59%
16Tokyo
55%
19Dublin
54%
13Budapest
52%
11Brussels
51%
20Copenhagen
44%
7Miami
43%
17Stockholm
43%
15Las Vegas
18%

Score Distribution

Percentile by Number Answered

Percent of People with Each Score

Your Score History

You have not taken this quiz